000 02387nam a2200277 i 4500
003 DO-SdBNP
005 20260525195622.0
007 ta
008 201215e2019 dr ac||eri||| 001 0 spa d
020 _a9789945804508
040 _aDO-SdBNP
_bspa
_cBNPHU
_erda
082 4 _aRD861.008
_bA634o
_223
110 _aSemana Internacional de la Poesía (7a.
_d: 2018 oct. 19 :
_cSanto Domingo, República Dominicana)
_989742
_eautor
245 0 0 _aAntología VII :
_bSemana Internacional de la Poesía : homenaje a los independentistas del 40, a Delia Weber y al Grupo de los Nuevos /
_ceditor, Mateo Morrison
264 1 _aSanto Domingo; República Dominicana :
_bEspacios Culturales ,
_c2019
300 _a436 páginas :
_bilustraciones, retratos ;
_c22 cm
336 _atexto
_btxt
_2rdacontent
337 _asin mediación
_bn
_2rdamedia
338 _avolumen
_bnc
_2rdacarrier
505 1 _aPoesía y anhelo ante la palabra herida /
_rJochy Herrera.--
_tFabian Augustine Adekunle Badejo.-- Kary Cerda.-- David Cortés Cabán.-- Martín Bambarotta.-- Samuel Gregoire.-- Raquel Lanseros.-- Jesús Losada.-- Danilo Manera.-- Silvio Mignano.-- Kenny Rodríguez.-- Paura Rodríguez Leytón.-- Tomás Sánchez Santiago.-- Rocío Silva-Santisteban Manrique.-- María Solís Munuera.-- Roger Toumson.-- Soledad Álvarez.-- Basilio Belliard.-- Plinio Chahín.-- José Enrique Delmonte.-- Denisse Español.-- Angela Hernández.--
_tJosé Mármol.-- Mateo Morrison.-- Judith Alayon.-- Valentín Amaro.-- Lorenzo Araujo.-- Juan Freddy Armando.-- Elsa Báez.-- Rannel Báez.-- Luis Carvajal.-- Carmen Comprés.-- Daniela Cruz Gil.-- Julio Cuevas.-- Orlando Cordero.-- León David.-- Minerva del Risco.-- María Farazdel (Palitachi).-- Pedro Pablo Fernández.-- Eduardo Gautreau Dewinndt.-
_tAlexis Gómez-Rosa.-- Máxima Hernández.-- Juan Hernández Inirio.-- Ramón Antonio Jiménez.-- Manuel Llibre Otero.-- Orlando Muñoz.-- Leiby Ng.-- Lorgio Núñez.-- Ylonka Nacidit Peredomo.-- Ramón Perdomo.-- Carmen Pérez Valerio.-- Persio Pérez.-- Joel Rivera.-- Sally Rodríguez.-- Sabrina Román.-- Yky Tejada.-- Esteban Tiburcio.-- Mikenia Vargas.--Chiqui Vicioso.-- Noé Zayas.
590 _aInventariado 2024 / MF
650 4 _aPoesía dominicana
_xColecciones
_9351
650 4 _aLiteratura dominicana.
_967
_xAntología poética
700 1 _aMorrison, Mateo,
_d1946-
_eeditor
_4ed.
_977606
942 _2ddc
_cLBS1
999 _c49285
_d49285